<?xml version="1.0" encoding="UTF-8"?><?xml-stylesheet type="text/xsl" href="static/style.xsl"?><OAI-PMH xmlns="http://www.openarchives.org/OAI/2.0/" xmlns:xsi="http://www.w3.org/2001/XMLSchema-instance" xsi:schemaLocation="http://www.openarchives.org/OAI/2.0/ http://www.openarchives.org/OAI/2.0/OAI-PMH.xsd"><responseDate>2026-04-14T07:49:26Z</responseDate><request verb="GetRecord" identifier="oai:www.recercat.cat:10230/55087" metadataPrefix="marc">https://recercat.cat/oai/request</request><GetRecord><record><header><identifier>oai:recercat.cat:10230/55087</identifier><datestamp>2025-12-23T20:54:30Z</datestamp><setSpec>com_2072_6</setSpec><setSpec>col_2072_452954</setSpec></header><metadata><record xmlns="http://www.loc.gov/MARC21/slim" xmlns:dcterms="http://purl.org/dc/terms/" xmlns:xsi="http://www.w3.org/2001/XMLSchema-instance" xmlns:doc="http://www.lyncode.com/xoai" xsi:schemaLocation="http://www.loc.gov/MARC21/slim http://www.loc.gov/standards/marcxml/schema/MARC21slim.xsd">
   <leader>00925njm 22002777a 4500</leader>
   <datafield ind2=" " ind1=" " tag="042">
      <subfield code="a">dc</subfield>
   </datafield>
   <datafield ind2=" " ind1=" " tag="720">
      <subfield code="a">Cervilla García, Sergi</subfield>
      <subfield code="e">author</subfield>
   </datafield>
   <datafield ind2=" " ind1=" " tag="260">
      <subfield code="c">2022-12-05T13:38:10Z</subfield>
   </datafield>
   <datafield ind2=" " ind1=" " tag="260">
      <subfield code="c">2022-12-05T13:38:10Z</subfield>
   </datafield>
   <datafield ind2=" " ind1=" " tag="260">
      <subfield code="c">2022-06-21</subfield>
   </datafield>
   <datafield ind2=" " ind1=" " tag="520">
      <subfield code="a">Treball de fi de grau en Bioinformàtica. Curs 2021-2022</subfield>
   </datafield>
   <datafield ind2=" " ind1=" " tag="520">
      <subfield code="a">Tutors: Eduard Porta Pardo i Mireia Olivella</subfield>
   </datafield>
   <datafield ind2=" " ind1=" " tag="520">
      <subfield code="a">El microambient tumoral té un rol clau en la iniciació i progressió del càncer d’ovari serós d’alt grau. Per aquesta raó, la seva caracterització podria incrementar el nostre coneixement de la malaltia i el desenvolupament de nous tractaments que finalment millorarien la resposta dels pacients. Presentem un nou anàlisis basat en les dades que integra transcriptòmica espacial i de cèl·lules individuals que descriu l’estructura i les interaccions entre cèl·lules canceroses i les cèl·lules que constitueixen el microambient tumoral en pacients no tractats i tractats amb quimioteràpia.</subfield>
   </datafield>
   <datafield ind2=" " ind1=" " tag="520">
      <subfield code="a">El microambiente tumoral tiene un rol clave en la iniciación y progresión del cáncer de ovario seroso de alto grado. Por esta razón, su caracterización podría incrementar nuestro conocimiento de la enfermedad y el desarrollo de nuevos tratamientos que por fin mejorarían la respuesta de los pacientes. Presentamos un análisis basados en datos que integra transcriptómica espacial y de células individuales que describen la estructura y las interacciones entre células cancerosas y las células que constituyen el microambiente tumoral en pacientes no tratados y tratados con quimioterapia</subfield>
   </datafield>
   <datafield ind2=" " ind1=" " tag="520">
      <subfield code="a">The tumor microenvironment (TME) plays a key role in the initiation and progression of High Grade Serous Ovarian Cancer. For this reason, its characterization would increase our understanding of this disease and the development of new targeted treatments, eventually improving the outcome of patients. We present a novel data-driven analysis that integrates spatial transcriptomics and single-cell data to characterize the structure and the interaction between cancer cells and the cells populating the TME in non-treated and treated patients with chemotherapy.</subfield>
   </datafield>
   <datafield tag="653" ind2=" " ind1=" ">
      <subfield code="a">Treball de fi de grau – Curs 2021-2022</subfield>
   </datafield>
   <datafield tag="653" ind2=" " ind1=" ">
      <subfield code="a">Transcriptòmica espacial</subfield>
   </datafield>
   <datafield tag="653" ind2=" " ind1=" ">
      <subfield code="a">Transcriptòmica de cèl·lules individuals</subfield>
   </datafield>
   <datafield tag="653" ind2=" " ind1=" ">
      <subfield code="a">Càncer d’ovari serós d’alt grau</subfield>
   </datafield>
   <datafield tag="653" ind2=" " ind1=" ">
      <subfield code="a">Microambient tumoral</subfield>
   </datafield>
   <datafield tag="653" ind2=" " ind1=" ">
      <subfield code="a">Transcriptómica espacial</subfield>
   </datafield>
   <datafield tag="653" ind2=" " ind1=" ">
      <subfield code="a">Transcriptómica de células individuales</subfield>
   </datafield>
   <datafield tag="653" ind2=" " ind1=" ">
      <subfield code="a">Cáncer</subfield>
   </datafield>
   <datafield tag="653" ind2=" " ind1=" ">
      <subfield code="a">Cáncer de ovario seroso de alto grado</subfield>
   </datafield>
   <datafield tag="653" ind2=" " ind1=" ">
      <subfield code="a">Microambiente tumoral</subfield>
   </datafield>
   <datafield tag="653" ind2=" " ind1=" ">
      <subfield code="a">Spatial transcriptomics</subfield>
   </datafield>
   <datafield tag="653" ind2=" " ind1=" ">
      <subfield code="a">Single-cell transcriptomics</subfield>
   </datafield>
   <datafield tag="653" ind2=" " ind1=" ">
      <subfield code="a">Cancer</subfield>
   </datafield>
   <datafield tag="653" ind2=" " ind1=" ">
      <subfield code="a">High grade serous ovarian cancer</subfield>
   </datafield>
   <datafield tag="653" ind2=" " ind1=" ">
      <subfield code="a">Tumor microenvironment</subfield>
   </datafield>
   <datafield ind2="0" ind1="0" tag="245">
      <subfield code="a">Integrative analysis of single-cell and spatial transcriptomics characterizes the tumor microenvironment in HGSOC patients</subfield>
   </datafield>
</record></metadata></record></GetRecord></OAI-PMH>